000 00586nam a22002417a 4500
001 24499
003 UA-OsUOA
005 20220205190111.0
007 ta
008 20040219b un ||||| |||| 00| 0 ukr d
040 _aUA-OsUOA
_brus
_cUA-OsUOA
_dUA-OsUOA
041 _arus
044 _aRU
080 _a330
090 _a330
_bП85
100 _aПруссова Л. Г.
245 _aЭкономика в схемах. Экономика в таблицах
260 _aКиев
_bВипол
_c1995
300 _a231 с.
650 7 _2UDC
942 _cBK
_2udc
955 _a0
999 _c310774
_d310774